000 00816nam a2200301Ia 4500
003 OSt
005 20220912151050.0
006 a|||||r|||| 00| 0
007 ta
008 220909b |||||||| |||| 00| 0 eng d
020 _a0195642309 (hbd)
024 _a5739
037 _bSat,
037 _cTextual
040 _aCSL
_beng
_cCSL
041 _aeng
082 _aY5926.211, N7
100 _aDeliege Robert
245 0 _aWorld of the 'Untouchables': Paraiyars of Tamil Nadu
260 _aDelhi
_bOxford University Press
_c1997
300 _ax, 314p.
_ccm.
500 _aBibliography 302-309p; Index 311-314p
650 _a Tamil Nadu
650 _a Untouchables
650 _aSociology
942 _hY5926.211, N7
_cTEXL
_2CC
999 _c60566
_d60566